Historical Figures (Hard) - Statistics

General Stats
  • This quiz has been taken 43 times
  • The average score is 10 of 26
Answer Stats
Hint Answer % Correct
Conquered England in 1066, born a bastard William the Conqueror
80%
King from Robinhood John of England
74%
Fantastic man who had a dream Martin Luther King Jr.
74%
Last Empress of India Victoria of the United Kingdom
63%
Failed artist from Austria who died in the mid 1940s Adolf Hitler
60%
Killed himself after betraying his friend in Jerusalem around two millennia ago Judas
57%
Biblical figure formerly known as Saul Paul
57%
American revolutionary who despised slavery despite owning hundreds of enslaved Africans Thomas Jefferson
54%
Posthumously executed the guy who was responsible for his dad's execution Charles II of England
51%
Was probably a lesbian and the last Stuart Queen Anne
49%
Only President to not be elected to any executive office Gerald Ford
43%
Pope who was shot John Paul II
37%
Married the nine-year-old daughter of the King of France at the age of twenty-nine Richard II of England
34%
Great-great-great-great-great-grandfather of the current King of the United Kingdom George III of the United Kingdom
31%
Launched a failed invasion of England in the sixteenth century Phillip II of Spain
31%
Founded Virginia Sir Walter Raleigh
31%
King who flogged himself to avoid persecution from the Pope Henry II of England
26%
Smuggled out of Greece in an orange crate when his father was arrested and his uncle forced to abdicate Prince Philip of the United Kingdom
26%
Rich Italian girl who was orphaned very young and married off to a French Prince by the Pope Catherine De Medici
23%
First member of the British Royal family to divorce since Henry VIII Princess Margaret
17%
Father of the wife of King Edward VII of the United Kingdom Christian IX of Denmark
11%
French King who died of an ear infection in the sixteenth century Francois II of France
9%
King who had a mistress nineteen years older than him Henri II of France
9%
Had a heart attack in the white house while on a diplomatic visit Winston Churchill
9%
Had two pinky fingernails on one finger Anne Boleyn
6%
Died in a car crash in a tunnel in Paris on August 31, 1997 Dodi Fayed
6%
No matching quizzes found
Score Distribution
Percent of People with Each Score
Percentile by Number Answered
Your Score History
You have not taken this quiz